000 00738nam a22002777a 4500
001 BR7807022
003 BR-BrBNA
005 20230928085805.0
007 ta
008 230509b bl.||||| |||| 00| 0 por d
040 _aBR-BrBNA
_bpor
_cBiblioteca Nacional de Agricultura
041 _a(Por)
072 _aE15
090 _ E15 BR7807022
110 1 _aInstituto Nacional de Colonizacao e Reforma Agraria, Brasilia, DF (Brasil)
245 1 _aRelatorio da UMC. Recadastramento/78
260 3 _aBrasilia, DF (Brasil):
_c1978.
300 _a7 p.
650 _aTERRA
650 _aARRENDAMENTO
650 _aPRECO
650 _aMAO-DE-OBRA
650 _aCADASTRO RURAL
909 _a202309
_bLucia
_c55
_dLucia Elande
942 _cBK
999 _c26351
_d26351